|
|
|
|
| LEADER |
00918cam a2200265 a 4500 |
| 001 |
AAL8757 |
| 003 |
BD-DhAAL |
| 005 |
20160721152643.0 |
| 008 |
160721s1986 nyu 000 1 eng |
| 010 |
|
|
|a 86001300
|
| 020 |
|
|
|a 0140177396
|
| 020 |
|
|
|a 0670520713
|
| 040 |
|
|
|d CStRLIN
|d BD-DhAAL
|
| 050 |
0 |
|
|a PS3537.T3234
|b O2 1986
|
| 082 |
0 |
|
|a 813/.52
|2 19
|
| 100 |
1 |
|
|a Steinbeck, John,
|d 1902-1968.
|9 20052
|
| 245 |
1 |
0 |
|a Of mice and men /
|c John Steinbeck.
|
| 260 |
|
|
|a New York, N.Y. :
|b Penguin Books,
|b Viking,
|c 1993
|
| 300 |
|
|
|a 107 p. ;
|c 22 cm.
|
| 541 |
|
|
|e 8757
|
| 650 |
|
|
|a Cowboys -
|v Fiction.
|x California
|x Salinas River Valley
|9 20053
|
| 852 |
|
|
|a Savar Campus Library:
|c General Shelf
|
| 942 |
|
|
|2 ddc
|c BK
|
| 999 |
|
|
|c 37705
|d 37705
|
| 952 |
|
|
|0 0
|1 0
|2 ddc
|4 0
|6 813_000000000000000__52_STE
|7 0
|9 59384
|a SCL
|b SCL
|c GEN
|d 2016-07-21
|g 100.00
|l 15
|m 72
|o 813.52 STE
|p 3020008757
|r 2026-04-07
|s 2026-02-21
|t 1
|w 2016-07-21
|y BK
|